000 00437nam a2200193Ia 4500
005 20250603144441.0
008 250603s9999 xx 000 0 und d
020 _a9780199219735
050 _aKM 300 .W2/
100 _aWade, William
245 0 _aAdministrative law
250 _a10th ed.
260 _aNew York
260 _bOxford University press
260 _c2009
300 _a898 p
650 _aNew York
942 _cBK
999 _c38957
_d38957